=LDR 00000nam 2200000 4500 =001 INLIS000000000012927 =005 20130612104411 =008 ***********************************Ind** =035 ##$$0010-061300000012927 =041 ##$$a Ind =082 ##$$a 291 =090 ##$$a 291, Sci m =100 ##$$a Schimmel, Annemariel =245 ##$$a Mesteri angka-angka, Annemariel Schimmel ; Penerjemah, Agung Prikantoro =260 ##$$a 2004 $b Bandung =300 ##$$a 309 hlm., Ilus., 23 cm =650 ##$$a Agama, Perbandingan =700 ##$$a Prihantoro, agung =850 ##$$a NBPNMAT